| 000 | 00779cab a2200241 4500 | ||
|---|---|---|---|
| 001 | WB3235-46 | ||
| 008 | 090401t1996 xxu||||| |||| 00| 0 eng d | ||
| 035 | _a(Sirsi) u1582 | ||
| 041 | _aeng | ||
| 245 | _aNational Heathrow rail links | ||
| 260 | _c1996 | ||
| 350 | _a0 | ||
| 490 |
_aFinancial Times _v19 September 1996, 11(1) |
||
| 520 | _aThe British Airports Authority has unveiled plans to set up a nationwide network of rail links to Heathrow once a new underground rail terminal is opened in 1998. Talks have begun with five train operating companies. | ||
| 650 | _aAIRPORTS | ||
| 650 | _aBAA | ||
| 650 | _aHEATHROW AIRPORT | ||
| 650 | _aPUBLIC TRANSPORT | ||
| 650 | _aRAIL LINKS | ||
| 690 | _aTRANSPORT AND COMMUNICATIONS | ||
| 942 | _n0 | ||
| 948 | _c04/03/1997 | ||
| 999 |
_c894 _d894 |
||